000 00570nam a2200217Ia 4500
003 OSt
005 20220923230856.0
006 a|||||r|||| 00| 0
007 ta
008 Pun
024 _a306,232
037 _cTextual
040 _aARTS
_cARTS
_bPun
041 _2Pun
_aPun
082 _aO153,6NPRx, L8
100 _aਬੇਲੀ, ਪ੍ਰੀਤਮ
_9156291
245 0 _aਵਸੋ੍ਵ ਵਸਣਾ ਖੇਡ ਨਹੀ ਏ
260 _c1978
942 _hO153,6NPRx, L8
_cTEXL
_2CC
999 _c388019
_d388019